Neural network control of robot manipulators and nonlinear systems
Đã lưu trong:
| 主要作者: | |
|---|---|
| 格式: | Sách |
| 語言: | Undetermined |
| 出版: |
Taylor & Francis
1999
|
| 主題: | |
| 標簽: |
添加標簽
沒有標簽, 成為第一個標記此記錄!
|
| Thư viện lưu trữ: | Trung tâm Thư viện - Trường Đại học Công nghiệp TP. Hồ Chí Minh |
|---|
| LEADER | 00582nam a2200157Ia 4500 | ||
|---|---|---|---|
| 001 | UIH_06657 | ||
| 008 | 231011s9999 xx 000 0 und d | ||
| 082 | |a 629.892 | ||
| 100 | |a Lewis, Frank L | ||
| 245 | 0 | |a Neural network control of robot manipulators and nonlinear systems | |
| 245 | 0 | |c Lewis, Frank L | |
| 260 | |b Taylor & Francis | ||
| 260 | |c 1999 | ||
| 650 | |a Robots; Robot; Neural networks (Computer science); Hệ thống điều khiển; | ||
| 927 | |a Sách | ||
| 980 | |a Trung tâm Thư viện - Trường Đại học Công nghiệp TP. Hồ Chí Minh | ||